Orientación y metodología del trabajo manual: en el niño especial y en el niño tipo

Guardat en:
Dades bibliogràfiques
Autor principal: Lima del Puerto, María Nela (autora)
Format: Llibre
Idioma:espanyol
Publicat: Montevideo Alfa 1960
Matèries:
Etiquetes: Afegir etiqueta
Sense etiquetes, Sigues el primer a etiquetar aquest registre!

MARC

LEADER 00000nam a2200000 a 4500
001 UCW5122
003 CL-VaPUC
008 901205e19600000UY |||||||||||||||||spa|d
082 0 4 |a 372.55  |b LIM  |2 21 
100 |a Lima del Puerto, María Nela  |e autora  |9 309999 
245 1 0 |a Orientación y metodología del trabajo manual: en el niño especial y en el niño tipo 
300 |a 209 p 
942 |c BK 
945 |d 19901205 00:00:00 
260 |a Montevideo  |b Alfa  |c 1960 
650 7 |a TECNICAS MANUALES EDUCACION  |2 CL-VaPUC  |9 307529 
650 0 |a Educación especial  |9 307486 
650 0 |a Niños de aprendizaje lento  |9 307489 
583 |a last modification  |c 19901205 00:00:00  |k Rodrigo Vera 
999 |c 218631  |d 218629 
952 |0 0  |1 0  |4 0  |6 372_550000000000000_LIM_1960  |7 0  |8 P  |9 208471  |a BIBEDU  |b BIBEDU  |c BIBEDU_PB  |d 2019-11-15  |i 2763729  |o 372.55 LIM 1960  |p 2763729  |r 2024-01-25  |w 2019-11-15  |y BK  |k EDU